Представление документа в формате MARC21

Поле Инд. ПП Название Значение
Тип записи a
Библиографический уровень m
001 Контрольный номер 3ebb9ad3-b3e1-445f-a258-27d914aa7fd4
005 Дата корректировки 20131111140807.7
008 Кодируемые данные 980915 d
020 a ISBN 5-85009-339-7
c Цена, тираж 32.00
040 a Служба первич. каталог. НБ ТвГУ
041 a Код языка текста rus
080 a Индекс УДК 796.41 А/Я
084 a Индекс другой классификации/Индекс ББК Ч516.914
090 c Каталожный индекс Ч516.914
x Авторский знак И60
a Полочн. индекс Ч516.9
100 1_ a Автор Индра Деви
245 00 a Заглавие Йога для вас
b Продолж. заглавия Полн. шестинедел. курс Хатха-йоги, рассчит. на занатия дома: Диеты, рецепты, упражнения, а также спец. рекомендации для страдающих избыточным весом, артритом, астмой: [Перевод]
c Ответственность Индра Деви; [Центр холистич. здоровья ассоц. "Мир"]
c Ответственность Центр холистич. здоровья ассоц. "Мир"
260 0_ a Место издания Москва
b Издательство Сов. спорт
c Дата издания 1992
300 a Объем 189,[1] с.
b Иллюстрации/ тип воспроизводства ил.
650 a Основная рубрика Йогов система физической культуры
653 a Ключевые слова Физическая культура йогов
852 t Порядковый номер экземпляра 2
p Инвентарный номер 637737
p Инвентарный номер 637738
954 a Дата поступления на обработку 25.06.93
a Дата поступления на обработку 25.06.93
999 a Подразделение 2 Фил2